Poverty in Britain (Record no. 118394)
[ view plain ]
| 000 -LEADER | |
|---|---|
| fixed length control field | 01286cam a2200217 4500 |
| 001 - CONTROL NUMBER | |
| control field | WB@3612-732 |
| 008 - FIXED-LENGTH DATA ELEMENTS--GENERAL INFORMATION | |
| fixed length control field | 041202n2004 000 0 eng u |
| 035 ## - SYSTEM CONTROL NUMBER | |
| System control number | (Sirsi) u128179 |
| 245 ## - TITLE STATEMENT | |
| Title | Poverty in Britain |
| 260 ## - PUBLICATION, DISTRIBUTION, ETC. | |
| Date of publication, distribution, etc. | 2004 |
| 490 ## - SERIES STATEMENT | |
| Series statement | Joseph Rowntree Foundation Press Release |
| Volume/sequential designation | 1 December 2004 (3) |
| 520 ## - SUMMARY, ETC. | |
| Summary, etc. | Poverty in Britain is continuing to decline according to a new report by the New Policy Institute for the Joseph Rowntree Foundation. "Monitoring poverty and social exclusion 2004" takes stock of 50 different indicators including measures of income, employment, education, education, health, housing and crime. It shows improvements over the past five to six years on 18 of the indicators, compared with eight that have grown worse. The most recent statistics show that 12.4m people (22% of the population) were living in households with net incomes below the poverty line. This figure for 2002/03 compares with 14m who lived in low-income households in 1996/97. The full report is available to download from the website. http://www.jrf.org.uk/pressroom/releases/011204.as p |
| 590 ## - LOCAL NOTE (RLIN) | |
| Local note | WB |
| 590 ## - LOCAL NOTE (RLIN) | |
| Local note | WB |
| 650 ## - SUBJECT ADDED ENTRY--TOPICAL TERM | |
| Topical term or geographic name entry element | POVERTY |
| 650 ## - SUBJECT ADDED ENTRY--TOPICAL TERM | |
| Topical term or geographic name entry element | SOCIAL EXCLUSION |
| 650 ## - SUBJECT ADDED ENTRY--TOPICAL TERM | |
| Topical term or geographic name entry element | HOMELESSNESS |
| 650 ## - SUBJECT ADDED ENTRY--TOPICAL TERM | |
| Topical term or geographic name entry element | BRITAIN |
| 690 ## - LOCAL SUBJECT ADDED ENTRY--TOPICAL TERM (OCLC, RLIN) | |
| Topical term or geographic name as entry element | REGENERATION |
| 942 ## - ADDED ENTRY ELEMENTS (KOHA) | |
| Suppress in OPAC | 0 |
| Withdrawn status | Lost status | Source of classification or shelving scheme | Damaged status | Not for loan | Home library | Current library | Shelving location | Date acquired | Total Checkouts | Full call number | Barcode | Date last seen | Copy number | Price effective from | Koha item type |
|---|---|---|---|---|---|---|---|---|---|---|---|---|---|---|---|
| Dewey Decimal Classification | London | London | News article | 02/12/2004 | WB4046-11 | 128179-1001 | 06/08/2019 | 1 | 06/08/2019 | News article |